[Event "Interteam ch"]
[Site "?"]
[Date "1998.03.15"]
[Round "11"]
[White "Riemens Albert"]
[Black "Dutreeuw Marc"]
[Result "1/2-1/2"]
[WhiteElo "2185"]
[BlackElo "2405"]
[PlyCount "148"]
[EventDate "1998.??.??"]
[Source "www.chesslib.no"]
[SourceDate "2004.05.04"]

1. e4 e5 2. Nf3 Nf6 3. Bc4 Nxe4 4. Nc3 Nf6 5. Qe2 Be7 6. Nxe5 O-O 7. d4 d6 8. Nf3 Re8 9. O-O d5 10. Bb5 c6 11. Bd3 Bd6 12. Be3 Bg4 13. h3 Bh5 14. g4 Bg6 15. Bxg6 hxg6 16. Qd2 Qc7 17. Bg5 Nbd7 18. Bxf6 gxf6 19. Rfe1 Kg7 20. Rxe8 Rxe8 21. Re1 Rh8 22. Kg2 Nf8 23. Ne2 Ne6 24. c3 Qa5 25. a3 Bb8 26. Qc1 Qc7 27. Rh1 Qd7 28. Qc2 b6 29. Qb1 c5 30. Qc2 c4 31. Qb1 b5 32. Qc2 a5 33. Qb1 Bc7 34. Qc2 Qd6 35. Qc1 Rb8 36. Qc2 Ra8 37. Qb1 b4 38. axb4 axb4 39. Qc1 bxc3 40. bxc3 Ra2 41. Re1 Ng5 42. Nxg5 fxg5 43. Kf3 Qe6 44. Qe3 Qf6+ 45. Kg2 Qd6 46. Ng3 Qf4 47. Qf3 Rd2 48. Re2 Rd3 49. Re3 Rxe3 50. Qxe3 Qxe3 51. fxe3 Bxg3 52. Kxg3 f5 53. Kf3 Kf6 54. Kg3 Ke6 55. Kf3 Kd6 56. Kg3 Kc6 57. h4 gxh4+ 58. Kxh4 Kd6 59. Kg5 Ke6 60. Kf4 fxg4 61. Kxg4 Kf6 62. e4 dxe4 63. Kf4 Ke6 64. Kxe4 g5 65. Kf3 Kf5 66. Kg3 Kg6 67. Kg4 Kf6 68. d5 Ke5 69. Kxg5 Kxd5 70. Kf4 Kd6 71. Ke4 Kc5 72. Ke5 Kc6 73. Kd4 Kd6 74. Kxc4 Kc6 1/2-1/2

[Event "NRW Sportland Cup Masters"]
[Site "Senden"]
[Date "1998.10.10"]
[Round "3"]
[White "Schaefer, Markus"]
[Black "Mueller, Max"]
[Result "1/2-1/2"]
[WhiteElo "2410"]
[BlackElo "2165"]
[PlyCount "52"]
[EventDate "1998.10.08"]
[Source "ChessBase"]
[SourceDate "1999.01.01"]

1. e4 e5 2. Nf3 Nf6 3. Bc4 Nxe4 4. Nc3 Nd6 5. Bb3 Nc6 6. O-O Be7 7. Re1 e4 8. Nxe4 Nxe4 9. Rxe4 d5 10. Re1 O-O 11. d4 Bf5 12. Bf4 Bf6 13. c3 Ne7 14. Ne5 Ng6 15. Bg3 c6 16. Qh5 Qc8 17. h3 Nxe5 18. Bxe5 g6 19. Qf3 Bxe5 20. Rxe5 Re8 21. Rae1 Rxe5 22. Rxe5 Qd7 23. Qe3 Be6 24. f4 f6 25. Rxe6 Kf7 26. Re4 Kf8 1/2-1/2

[Event "Santo Domingo"]
[Site "?"]
[Date "2006.11.03"]
[Round "6"]
[White "Munoz Lisandro"]
[Black "Schaerer Hans Peter"]
[Result "1-0"]
[WhiteElo "2396"]
[BlackElo "2177"]
[PlyCount "97"]
[EventDate "2006.??.??"]
[Source "www.chesslib.no"]
[SourceDate "2004.05.04"]

1. e4 e5 2. Nf3 Nf6 3. Bc4 Nxe4 4. Nc3 Nc6 5. Nxe4 d5 6. Bd3 dxe4 7. Bxe4 Bd7 8. O-O Bd6 9. d4 exd4 10. Bg5 f6 11. Bh4 O-O 12. Nxd4 Nxd4 13. Qxd4 Be6 14. Qd3 h6 15. Bxb7 Rb8 16. Qf3 Be5 17. Rad1 Qe7 18. b3 Qb4 19. Bd5 Bxh2+ 20. Kxh2 Qxh4+ 21. Kg1 Rbe8 22. Bxe6+ Rxe6 23. Qd5 Qe4 24. Qa5 Re5 25. Qxc7 Rg5 26. f3 Qe2 27. Qc4+ Qxc4 28. bxc4 Ra5 29. Rfe1 Rf7 30. Re8+ Kh7 31. Rc8 Rxa2 32. Rd2 Rb7 33. Kf2 Rbb2 34. Ke3 Rxc2 35. Rxc2 Rxc2 36. g4 a5 37. Kd3 Rf2 38. Ke4 a4 39. Ra8 Ra2 40. c5 a3 41. Kd3 Rf2 42. c6 Rxf3+ 43. Kd4 Rf4+ 44. Kd5 Rf3 45. c7 Rc3 46. c8=Q Rxc8 47. Rxc8 Kg6 48. Ke4 h5 49. Kf4 1-0

[Event "Chicago Open"]
[Site "Chicago, IL USA"]
[Date "1996.??.??"]
[Round "?"]
[White "Kreitner, Ilan"]
[Black "Tan, Oscar"]
[Result "0-1"]
[WhiteElo "2320"]
[BlackElo "2240"]
[PlyCount "82"]
[EventDate "1996.??.??"]
[Source "www.chesslib.no"]
[SourceDate "2004.05.04"]

1. e4 e5 2. Nf3 Nf6 3. Bc4 Nxe4 4. Qe2 d5 5. Bb3 Bg4 6. d3 Bxf3 7. gxf3 Nf6 8. Bf4 Bd6 9. Rg1 Qe7 10. Bg5 c6 11. Nd2 Nbd7 12. Bh4 O-O 13. O-O-O Rfe8 14. Qe3 Nf8 15. Bg5 Ne6 16. h4 Nd4 17. h5 Nf5 18. Qe1 h6 19. Qf1 hxg5 20. Qh3 g4 21. fxg4 Nd4 22. Rde1 Nh7 23. f4 Qf6 24. g5 Qxf4 25. g6 Nf6 26. gxf7+ Kxf7 27. Rgf1 Qg5 28. Re3 Ke7 29. Kb1 Qxh5 30. Qg2 Rg8 31. c3 Nxb3 32. axb3 Kd7 33. b4 Raf8 34. Rh1 Qf5 35. Rg3 Nh5 36. Rg5 Qxd3+ 37. Ka1 Nf6 38. Rxg7+ Rxg7 39. Qxg7+ Be7 40. Nb3 b6 41. Rg1 Rg8 0-1

[Event "SLO-ch team"]
[Site "?"]
[Date "1999.11.11"]
[Round "4"]
[White "Crepan Marjan"]
[Black "Srebrnic Vojko"]
[Result "1-0"]
[WhiteElo "2289"]
[BlackElo "2262"]
[PlyCount "83"]
[EventDate "1999.??.??"]
[Source "www.chesslib.no"]
[SourceDate "2004.05.04"]

1. e4 e5 2. Nf3 Nf6 3. Bc4 Nxe4 4. Nc3 Nc6 5. Nxe4 d5 6. Bd3 dxe4 7. Bxe4 Bd6 8. O-O O-O 9. Re1 Bg4 10. c3 Kh8 11. Qc2 Bxf3 12. Bxf3 f5 13. d3 Qh4 14. g3 Qf6 15. Bg2 Rae8 16. b4 Nd8 17. Rb1 a6 18. a4 b5 19. axb5 axb5 20. Ra1 e4 21. Be3 Ne6 22. dxe4 f4 23. Ba7 Be5 24. Ra6 Qf7 25. Rd1 Rd8 26. Rd5 Rxd5 27. exd5 Nd8 28. Qd3 Nb7 29. Re6 Bd6 30. Bd4 Kg8 31. Be4 Qh5 32. Bf3 Qf7 33. Bg4 Nd8 34. Qxb5 h5 35. Bh3 h4 36. Qd3 Qh5 37. Qg6 Qd1+ 38. Bf1 Rf7 39. Re8+ Bf8 40. Rxd8 fxg3 41. hxg3 hxg3 42. Qxg3 1-0

[Event "HUN-chT2 9394"]
[Site "HUN"]
[Date "1994.??.??"]
[Round "?"]
[White "Horvath, Gabor"]
[Black "Paksa, Rudolf"]
[Result "0-1"]
[WhiteElo "2285"]
[BlackElo "2255"]
[PlyCount "72"]
[EventDate "1993.??.??"]
[Source "www.chesslib.no"]
[SourceDate "2004.05.04"]

1. e4 e5 2. Nf3 Nf6 3. Bc4 Nxe4 4. Nc3 Nf6 5. Nxe5 d5 6. Bb3 Be7 7. O-O O-O 8. d4 c5 9. dxc5 Nc6 10. Bf4 Be6 11. Nd3 Rc8 12. Re1 Nd4 13. Be5 Nxb3 14. axb3 a6 15. b4 Qd7 16. Bf4 Rcd8 17. Ne5 Qc8 18. Na4 Nd7 19. Nf3 Bf6 20. Bd6 Rfe8 21. Nd4 Bxd4 22. Qxd4 Qc6 23. Re3 Bf5 24. Rg3 Bg6 25. Nc3 Nf6 26. h4 Ne4 27. Rh3 Nxd6 28. cxd6 Qxd6 29. h5 Bxc2 30. h6 Qe5 31. Qb6 d4 32. Na4 Bxa4 33. Rxa4 Qe1+ 34. Kh2 Qxf2 35. hxg7 Qf4+ 36. Rg3 Rd6 0-1

[Event "ASEAN Masters Circuit WIM"]
[Site "Tarakan INA"]
[Date "2008.01.18"]
[Round "10"]
[White "Mendoza, B."]
[Black "Handoko, E."]
[Result "0-1"]
[WhiteElo "2099"]
[BlackElo "2437"]
[PlyCount "60"]
[EventDate "2008.01.08"]
[Source "www.chesslib.no"]
[SourceDate "2004.05.04"]

1. e4 e5 2. Nf3 Nf6 3. Bc4 Nxe4 4. Nc3 Nf6 5. Nxe5 d5 6. Bb3 Be7 7. d4 O-O 8. O-O c6 9. Qf3 Na6 10. Bg5 Nc7 11. Rad1 Ne6 12. Bh4 Ne8 13. Bg3 f6 14. Nxc6 bxc6 15. Nxd5 Bd6 16. Nc3 Kh8 17. Qxc6 Rb8 18. Rfe1 Rb6 19. Qf3 Bxg3 20. Qxg3 f5 21. Qe5 Nf6 22. Na4 Rd6 23. d5 Ng4 24. Qg3 Ng5 25. f4 Ne4 26. Qf3 Qh4 27. h3 Ngf2 28. c4 Rg6 29. Kh2 Rg3 30. Qe2 Rxh3+ 0-1

[Event "Budapest (Hungary)"]
[Site "Budapest HUN"]
[Date "1986.??.??"]
[Round "?"]
[White "Szell, Lajos"]
[Black "Kopszorus Pal"]
[Result "1-0"]
[WhiteElo "2255"]
[BlackElo "2275"]
[PlyCount "33"]
[EventDate "1986.??.??"]
[Source "www.chesslib.no"]
[SourceDate "2004.05.04"]

1. e4 e5 2. Nf3 Nf6 3. Bc4 Nxe4 4. Nc3 Nxc3 5. dxc3 f6 6. Nh4 g6 7. f4 d6 8. f5 gxf5 9. Qh5+ Kd7 10. Nxf5 Kc6 11. Be3 d5 12. O-O-O Be6 13. Bxd5+ Bxd5 14. c4 Na6 15. Rxd5 Qe8 16. Qf3 e4 17. Nd4+ 1-0

[Event "2. League TCh-SCG"]
[Site "?"]
[Date "2003.10.02"]
[Round "6"]
[White "Pantos Nenad"]
[Black "Maric Dragan"]
[Result "1/2-1/2"]
[WhiteElo "2264"]
[BlackElo "2262"]
[PlyCount "49"]
[EventDate "2003.??.??"]
[Source "www.chesslib.no"]
[SourceDate "2004.05.04"]

1. e4 e5 2. Nf3 Nf6 3. Bc4 Nxe4 4. Nc3 Nxc3 5. dxc3 f6 6. O-O Qe7 7. Nh4 g6 8. Kh1 c6 9. f4 d5 10. fxe5 fxe5 11. Nf3 Bg4 12. Be2 Bxf3 13. Bxf3 Nd7 14. c4 e4 15. Bg4 Ne5 16. cxd5 cxd5 17. c4 d4 18. Qxd4 Nxg4 19. Qxh8 O-O-O 20. Bg5 Qc7 21. Bf4 Bd6 22. Bxd6 Qxd6 23. Qxh7 e3 24. Qh3 Qd4 25. Rae1 1/2-1/2

[Event "World Open"]
[Site "?"]
[Date "1997.??.??"]
[Round "7"]
[White "Formanek Edward W"]
[Black "Levin Eugene"]
[Result "0-1"]
[WhiteElo "2335"]
[BlackElo "2190"]
[PlyCount "68"]
[EventDate "1997.??.??"]
[Source "www.chesslib.no"]
[SourceDate "2004.05.04"]

1. e4 e5 2. Nf3 Nf6 3. Bc4 Nxe4 4. Nc3 Nc6 5. Nxe4 d5 6. Bd3 dxe4 7. Bxe4 Bd6 8. d4 exd4 9. Nxd4 Nxd4 10. Qxd4 O-O 11. Be3 c5 12. Qd3 f5 13. Bd5+ Kh8 14. f4 Qc7 15. g3 Rb8 16. O-O-O b5 17. Rhe1 Rb6 18. Bd2 b4 19. c4 Ra6 20. Kb1 Qa5 21. a3 Qb6 22. axb4 cxb4 23. Be6 Qa5 24. Qb3 Bb7 25. Be3 Be4+ 26. Kc1 Rc6 27. Kd2 Bxf4 28. gxf4 Rxe6 29. Rg1 Bf3 30. Bd4 Re2+ 31. Kd3 Rd8 32. Rg3 Rxd4+ 33. Kxd4 Qd8+ 34. Kc5 Qb6# 0-1

[Event "CZE-chT1b"]
[Site "Czech Republic"]
[Date "1995.??.??"]
[Round "?"]
[White "Michalek, Jan"]
[Black "Roj, Miroslav"]
[Result "0-1"]
[WhiteElo "2300"]
[BlackElo "2220"]
[PlyCount "60"]
[EventDate "1995.??.??"]
[Source "www.chesslib.no"]
[SourceDate "2004.05.04"]

1. e4 e5 2. Nf3 Nf6 3. Bc4 Bc5 4. d4 exd4 5. O-O O-O 6. c3 Nxe4 7. cxd4 d5 8. dxc5 dxc4 9. Be3 Nc6 10. Qa4 Bg4 11. Qxc4 Bxf3 12. gxf3 Ng5 13. Nd2 Ne5 14. Qe2 Qf6 15. Bxg5 Qxg5+ 16. Kh1 Rad8 17. Rad1 Qh5 18. Rg1 Rfe8 19. Ne4 Kf8 20. Rg3 Rxd1+ 21. Qxd1 f5 22. Rg5 Qf7 23. Nc3 Qf6 24. Rg3 Rd8 25. Qc2 Nd3 26. Na4 Qd4 27. Rg5 g6 28. Kg1 Re8 29. h3 Re1+ 30. Kh2 Rf1 0-1

[Event "Pan American Ch U20"]
[Site "?"]
[Date "2003.05.27"]
[Round "2"]
[White "Esplana Christian"]
[Black "Marra Eduardo da Costa"]
[Result "1-0"]
[WhiteElo "2367"]
[BlackElo "2138"]
[PlyCount "85"]
[EventDate "2003.??.??"]
[Source "www.chesslib.no"]
[SourceDate "2004.05.04"]

1. e4 e5 2. Nf3 Nf6 3. Bc4 Nxe4 4. Nc3 Nxc3 5. dxc3 c6 6. O-O d5 7. Nxe5 Bd6 8. Re1 O-O 9. Bb3 Qf6 10. Nd3 Be6 11. Qh5 g6 12. Qh6 Nd7 13. Be3 Rfe8 14. Bg5 Qf5 15. h3 f6 16. Be3 Ne5 17. Rad1 Bf7 18. Qh4 g5 19. Qd4 Bh5 20. Nxe5 fxe5 21. Bxd5+ cxd5 22. Qxd5+ Re6 23. g4 Bxg4 24. hxg4 Qxg4+ 25. Qg2 Qxg2+ 26. Kxg2 Kf7 27. Rd5 g4 28. Rh1 Rh8 29. Bxa7 h5 30. Rhd1 Be7 31. Rd7 Kg6 32. Rxb7 h4 33. Rdd7 h3+ 34. Kh1 Bh4 35. Rg7+ Kf5 36. a4 Rd8 37. Rbf7+ Bf6 38. Be3 Rd1+ 39. Kh2 Rf1 40. Rg5+ Ke4 41. Rxg4+ Kd5 42. c4+ Kc6 43. Rg6 1-0

[Event "Oberwart op"]
[Site "Oberwart"]
[Date "2002.07.07"]
[Round "3"]
[White "Werndl, Erich"]
[Black "Weglarz, Leszek"]
[Result "1/2-1/2"]
[WhiteElo "2150"]
[BlackElo "2354"]
[PlyCount "97"]
[EventDate "2002.07.05"]
[Source "ChessBase"]
[SourceDate "2002.09.11"]

1. e4 e5 2. Nf3 Nf6 3. Bc4 Nxe4 4. Nc3 Nc6 5. O-O Nf6 6. Re1 Be7 7. Nxe5 Nxe5 8. Rxe5 c6 9. d4 d5 10. Bd3 O-O 11. Bg5 h6 12. Bh4 Re8 13. Qd2 Bd7 14. Rae1 Kf8 15. Nd1 Bd6 16. f4 Ne4 17. Bxd8 Nxd2 18. Rxe8+ Bxe8 19. Ba5 Nc4 20. Bxc4 dxc4 21. Ne3 b5 22. Nf5 Bxf4 23. Bb4+ Kg8 24. Re7 a5 25. Bc5 b4 26. h4 g6 27. Nd6 Bxd6 28. Bxd6 f6 29. Rc7 Rd8 30. Bc5 g5 31. hxg5 hxg5 32. Be7 Rxd4 33. Bxf6 Rd2 34. Rg7+ Kf8 35. Rxg5 a4 36. Ra5 Kf7 37. Bh8 c5 38. Rxc5 Rxc2 39. Rf5+ Kg8 40. Bd4 Bc6 41. Rf2 b3 42. axb3 cxb3 43. Rxc2 bxc2 44. Be3 Kf7 45. Kf2 Ke6 46. g3 Kd5 47. Ke2 Kc4 48. Kd2 Kb3 49. Kc1 1/2-1/2

[Event "Budapest HUN"]
[Site "?"]
[Date "2001.01.11"]
[Round "7.6"]
[White "Horvath Gabor"]
[Black "Barabas Attila"]
[Result "1-0"]
[WhiteElo "2328"]
[BlackElo "2168"]
[PlyCount "83"]
[EventDate "2001.??.??"]
[Source "www.chesslib.no"]
[SourceDate "2004.05.04"]

1. e4 e5 2. Nf3 Nf6 3. Bc4 Nxe4 4. Nc3 Nf6 5. Nxe5 d5 6. Bb3 Be7 7. O-O O-O 8. d4 c6 9. Ne2 Nbd7 10. Nd3 Ne4 11. f3 Nd6 12. c3 Kh8 13. Bc2 Re8 14. b3 Bf6 15. Ng3 g6 16. Kh1 Nf8 17. Bf4 Bg5 18. Bxd6 Qxd6 19. f4 Bh4 20. Ne5 Re7 21. Qf3 f6 22. Ne2 f5 23. Nc1 Be6 24. Ncd3 Rae8 25. Rad1 Bf6 26. Rd2 Kg7 27. h3 Bxe5 28. fxe5 Qd8 29. Rdf2 Rf7 30. Nf4 Qh4 31. g3 Qh6 32. g4 Bc8 33. Qg3 Qg5 34. h4 Qe7 35. gxf5 Bxf5 36. Bxf5 Rxf5 37. Nxg6 hxg6 38. Rxf5 Ne6 39. Rf6 g5 40. hxg5 Rh8+ 41. Kg1 Rh5 42. Rf7+ 1-0

[Event "Mondariz op"]
[Site "?"]
[Date "1996.??.??"]
[Round "?"]
[White "Cuesta Navarro Santiago"]
[Black "Hernandez Estevez Yudania"]
[Result "1/2-1/2"]
[WhiteElo "2240"]
[BlackElo "2255"]
[PlyCount "62"]
[EventDate "1996.??.??"]
[Source "www.chesslib.no"]
[SourceDate "2004.05.04"]

1. e4 e5 2. Nf3 Nf6 3. Bc4 Nxe4 4. Nc3 Nxc3 5. dxc3 f6 6. Nh4 g6 7. f4 Qe7 8. f5 Qg7 9. fxg6 hxg6 10. Qg4 Kd8 11. Qg3 g5 12. Nf5 Qh7 13. O-O d5 14. Bxg5 fxg5 15. Bxd5 Bxf5 16. Bxb7 Bc5+ 17. Kh1 Be4 18. Rad1+ Nd7 19. Bxe4 Qxe4 20. Qxg5+ Kc8 21. b4 Rxh2+ 22. Kxh2 Qh7+ 23. Kg3 Bd6 24. Rh1 Qxc2 25. Qg8+ Kb7 26. Qd5+ Kb6 27. Qxa8 Qg6+ 28. Kf2 Qc2+ 29. Kg3 Qg6+ 30. Kf2 Qc2+ 31. Kg3 Qg6+ 1/2-1/2

[Event "Nice ol (Men)"]
[Site "Nice FRA"]
[Date "1974.??.??"]
[Round "9"]
[White "Silva, Fernando"]
[Black "Brassington, F."]
[Result "1-0"]
[WhiteElo "2290"]
[BlackElo "2200"]
[PlyCount "89"]
[EventDate "1974.06.06"]
[Source "www.chesslib.no"]
[SourceDate "2004.05.04"]

1. e4 e5 2. Nf3 Nf6 3. Bc4 Nxe4 4. Nc3 Nd6 5. Bb3 e4 6. Qe2 Be7 7. Nxe4 Nxe4 8. Qxe4 d6 9. Ng5 Be6 10. Bxe6 Bxg5 11. Bc8+ Qe7 12. Qxe7+ Kxe7 13. Bxb7 Nd7 14. Bxa8 Rxa8 15. d4 Bf6 16. c3 Nb6 17. Kd1 Kd7 18. Re1 Nd5 19. Kc2 Bh4 20. Bd2 Re8 21. Rxe8 Kxe8 22. Re1+ Kd7 23. g3 Bd8 24. Kd3 f5 25. c4 Nb6 26. b3 Nc8 27. h4 h6 28. h5 Ne7 29. d5 Ng8 30. Be3 a6 31. Bd4 Bf6 32. Re6 Bxd4 33. Kxd4 Nf6 34. Rxf6 gxf6 35. Ke3 c6 36. Kf4 cxd5 37. cxd5 Kc7 38. Kxf5 Kb6 39. Kxf6 a5 40. Ke6 Kc5 41. f4 Kb4 42. f5 Ka3 43. f6 Kxa2 44. f7 Kxb3 45. f8=B 1-0

[Event "TCh-FIN 2002-3"]
[Site "?"]
[Date "2002.11.16"]
[Round "4"]
[White "Lehtivaara Risto"]
[Black "Osterman Georg"]
[Result "0-1"]
[WhiteElo "2214"]
[BlackElo "2272"]
[PlyCount "104"]
[EventDate "2002.??.??"]
[Source "www.chesslib.no"]
[SourceDate "2004.05.04"]

1. e4 e5 2. Nf3 Nf6 3. Bc4 Nxe4 4. Nc3 Nxc3 5. dxc3 f6 6. O-O d6 7. Nh4 g6 8. f4 Qe7 9. f5 Qg7 10. Bd3 g5 11. Nf3 Be7 12. Nxg5 fxg5 13. f6 Bxf6 14. Qh5+ Qf7 15. Qh6 Nd7 16. Bf5 Rf8 17. Bxg5 Bxg5 18. Qxg5 Nf6 19. Bxc8 Rxc8 20. Rf3 Ke7 21. Raf1 Qg6 22. Qh4 Rf7 23. g3 Rcf8 24. R1f2 Qg4 25. Rxf6 Qxh4 26. Rxf7+ Rxf7 27. gxh4 Rxf2 28. Kxf2 Kf6 29. c4 c5 30. c3 a5 31. b3 Kf5 32. Kf3 h5 33. a3 e4+ 34. Ke3 Ke5 35. b4 b6 36. bxa5 bxa5 37. a4 Kf5 38. h3 Ke5 39. Ke2 Kf4 40. Kf2 e3+ 41. Ke1 Kg3 42. Ke2 Kxh4 43. Kxe3 Kxh3 44. Ke4 Kg4 45. Kd5 h4 46. Kxd6 h3 47. Kxc5 h2 48. Kb6 h1=Q 49. c5 Kf5 50. c6 Ke6 51. Kc7 Qe4 52. c4 Qxc4 0-1

[Event "Zagreb"]
[Site "?"]
[Date "1997.??.??"]
[Round "1"]
[White "Levacic Patrick"]
[Black "Biti Ozren"]
[Result "1/2-1/2"]
[WhiteElo "2350"]
[BlackElo "2135"]
[PlyCount "120"]
[EventDate "1997.??.??"]
[Source "www.chesslib.no"]
[SourceDate "2004.05.04"]

1. e4 e5 2. Nf3 Nf6 3. Bc4 Nxe4 4. Nc3 Nxc3 5. dxc3 c6 6. Nxe5 d5 7. O-O Bd6 8. Re1 O-O 9. Bd3 Qf6 10. Qh5 g6 11. Qe2 Bxe5 12. Qxe5 Qxe5 13. Rxe5 Be6 14. Bh6 Re8 15. Rae1 Nd7 16. R5e2 Nc5 17. Bg5 Nxd3 18. cxd3 Bd7 19. Be7 Bf5 20. Re3 Be6 21. Bf6 Bd7 22. Be5 a6 23. f4 Re6 24. Kf2 f6 25. Bc7 Rxe3 26. Rxe3 Kf7 27. b4 Re8 28. Rxe8 Kxe8 29. Ke3 Bf5 30. Kd4 Kd7 31. Bb6 h5 32. Bc5 Ke6 33. Bf8 Kf7 34. Bd6 Ke6 35. Bb8 Kd7 36. a4 Kc8 37. Ba7 Kc7 38. a5 Kd7 39. Bb8 Ke7 40. Ba7 Kd7 41. Bc5 Ke6 42. Bf8 Kf7 43. Bh6 Ke7 44. Bg7 Kf7 45. Bh8 Ke7 46. g3 Ke6 47. c4 dxc4 48. Kxc4 Bh3 49. Kc5 Bf1 50. d4 f5 51. Kb6 Bb5 52. Kxb7 Kd7 53. Kb6 Kd6 54. Bg7 Bd3 55. Bf8+ Kd7 56. Kc5 Bb5 57. Bd6 Ke6 58. Bb8 Kd7 59. Be5 Ke6 60. Bd6 Ba4 1/2-1/2

[Event "Centrocoop June op-A"]
[Site "?"]
[Date "1998.??.??"]
[Round "?"]
[White "Petrenko Svetlana"]
[Black "Romcovici Victor"]
[Result "1/2-1/2"]
[WhiteElo "2275"]
[BlackElo "2205"]
[PlyCount "110"]
[EventDate "1998.??.??"]
[Source "www.chesslib.no"]
[SourceDate "2004.05.04"]

1. e4 e5 2. Nf3 Nf6 3. Bc4 Nxe4 4. Nc3 Nxc3 5. dxc3 f6 6. Nh4 g6 7. f4 c6 8. f5 d5 9. fxg6 Qd7 10. Be2 Qg7 11. Bh5 Kd8 12. Be3 Na6 13. b4 Be6 14. O-O Kc7 15. a4 Bd6 16. Qf3 hxg6 17. Nxg6 Rxh5 18. Qxh5 Bf7 19. Qf5 Bxg6 20. Qxf6 Qh7 21. h4 Nb8 22. Bc5 Bxc5+ 23. bxc5 Nd7 24. Qd6+ Kd8 25. Rae1 e4 26. c4 Bf7 27. Rb1 Qg6 28. Qf4 Be8 29. Rxb7 Rc8 30. Rxa7 Qg7 31. Qd6 Qe7 32. a5 e3 33. Qxe7+ Kxe7 34. Re1 Kf6 35. Rxe3 Nxc5 36. cxd5 cxd5 37. Rc3 Bb5 38. g4 Bc4 39. Rf3+ Ke5 40. Re7+ Kd6 41. Rg7 Ne4 42. Rg6+ Ke5 43. c3 Nd2 44. Rf2 Nb1 45. Rf5+ Ke4 46. Re6+ Kd3 47. Rf3+ Kc2 48. Ree3 Nd2 49. Rf4 Bd3 50. Rd4 Bc4 51. g5 Rf8 52. Kg2 Nf1 53. Rh3 Nd2 54. Re3 Nf1 55. Rh3 Nd2 1/2-1/2

[Event "AZE-ch"]
[Site "Baku"]
[Date "1999.??.??"]
[Round "7"]
[White "Davidov, Samir"]
[Black "Bayramov, Vougar"]
[Result "1/2-1/2"]
[WhiteElo "2203"]
[BlackElo "2277"]
[PlyCount "123"]
[EventDate "1999.11.??"]
[Source "ChessBase"]
[SourceDate "2000.01.11"]

1. e4 e5 2. Nf3 Nf6 3. Bc4 Nxe4 4. Qe2 d5 5. O-O Be7 6. Nxe5 O-O 7. d4 Nxf2 8. Bb3 Ne4 9. Nxf7 Rxf7 10. Rxf7 Kxf7 11. Qxe4 c6 12. Qxh7 Bf6 13. Qh5+ Kg8 14. Be3 Be6 15. Nd2 Nd7 16. Rf1 Qe7 17. c3 Bf7 18. Qf3 Bg6 19. c4 Nb6 20. cxd5 Nxd5 21. Bxd5+ cxd5 22. Qxd5+ Bf7 23. Qf3 Re8 24. Bf2 Qb4 25. Qc3 Qxc3 26. bxc3 Re2 27. Rd1 Bxa2 28. Kf1 Re6 29. c4 Ra6 30. Be3 Ra3 31. Ke2 a6 32. Rc1 Kf7 33. Ne4 Be7 34. d5 Rb3 35. d6 Bd8 36. Rf1+ Kg8 37. d7 Rb4 38. Kd2 Bxc4 39. Rf4 Ba5 40. d8=Q+ Bxd8 41. Bc5 Ba5 42. Bxb4 Bxb4+ 43. Kc2 Bd5 44. Nf6+ gxf6 45. Rxb4 Kf7 46. g4 b5 47. Rd4 Be6 48. h4 a5 49. Rf4 Kg7 50. h5 Bg8 51. Kc3 Bh7 52. Kd4 b4 53. Kc4 Bc2 54. h6+ Kxh6 55. Rxf6+ Kg5 56. Ra6 Kxg4 57. Rxa5 b3 58. Kc3 Kf3 59. Ra4 Ke3 60. Rb4 Ke2 61. Rxb3 Bxb3 62. Kxb3 1/2-1/2

[Event "Asturias-ch Preferente"]
[Site "?"]
[Date "2000.??.??"]
[Round "8"]
[White "San Claudio Gonzalez Francisc"]
[Black "Olea Perez Mario"]
[Result "1-0"]
[WhiteElo "2277"]
[BlackElo "2202"]
[PlyCount "55"]
[EventDate "2000.??.??"]
[Source "www.chesslib.no"]
[SourceDate "2004.05.04"]

1. e4 e5 2. Nf3 Nf6 3. Bc4 Nxe4 4. Nc3 Nxc3 5. dxc3 c6 6. Nxe5 d5 7. Qe2 Be6 8. Bd3 Nd7 9. Bf4 Be7 10. O-O Nc5 11. Rfe1 O-O 12. Qh5 Nxd3 13. cxd3 d4 14. c4 Qc8 15. Nf3 Bg4 16. Qa5 Bd8 17. Qc5 Bxf3 18. gxf3 Bf6 19. Be5 Qf5 20. Qxd4 Bxe5 21. Rxe5 Qxf3 22. Re3 Qf5 23. Rae1 h6 24. Rg3 g6 25. Re5 Qf6 26. Qe3 Rad8 27. Rf3 Qh4 28. Rf4 1-0

[Event "Corr"]
[Site "?"]
[Date "1998.??.??"]
[Round "?"]
[White "Naumovic Jovan"]
[Black "Ferreira Luis AT Frazao"]
[Result "0-1"]
[WhiteElo "2275"]
[BlackElo "2200"]
[PlyCount "50"]
[EventDate "1998.??.??"]
[Source "www.chesslib.no"]
[SourceDate "2004.05.04"]

1. e4 e5 2. Nf3 Nf6 3. Bc4 Nxe4 4. Nc3 Nf6 5. Nxe5 d5 6. Bb3 Be7 7. d4 O-O 8. Qf3 c6 9. Bf4 Nbd7 10. h3 Re8 11. O-O-O Bd6 12. g4 Nxe5 13. dxe5 Bxe5 14. Ne2 Ne4 15. Bxe5 Rxe5 16. Qe3 Re8 17. Ng3 Bd7 18. c3 Qf6 19. Rhf1 Ng5 20. Nh5 Qg6 21. Qg3 Nxh3 22. f3 Ng5 23. Bc2 Qh6 24. Kb1 Re7 25. Rh1 Rae8 0-1

[Event "DS"]
[Site "?"]
[Date "2005.06.31"]
[Round "1"]
[White "Pridal Ondrej"]
[Black "Bartos Jan"]
[Result "1/2-1/2"]
[WhiteElo "2178"]
[BlackElo "2293"]
[PlyCount "75"]
[EventDate "2005.??.??"]
[Source "www.chesslib.no"]
[SourceDate "2004.05.04"]

1. e4 e5 2. Nf3 Nf6 3. Bc4 Nxe4 4. Nc3 Nd6 5. Bb3 Nc6 6. O-O Be7 7. Re1 e4 8. Nxe4 Nxe4 9. Rxe4 d5 10. Re1 O-O 11. h3 Bf5 12. d4 Be4 13. c3 h6 14. Bf4 Bd6 15. Ne5 Qh4 16. Rxe4 dxe4 17. Ng6 Qf6 18. Bxd6 Qxg6 19. Bxf8 Rxf8 20. Qg4 Kh7 21. Qf4 f5 22. d5 Na5 23. Qxc7 Nxb3 24. axb3 f4 25. Kh2 e3 26. fxe3 Qg3+ 27. Kh1 Qxe3 28. Rg1 Re8 29. Qf7 Re5 30. c4 Qf2 31. Kh2 Qg3+ 32. Kh1 Qf2 33. b4 Re1 34. Qf5+ Kh8 35. Qc8+ Kh7 36. Qf5+ Kh8 37. Rxe1 Qxe1+ 38. Kh2 1/2-1/2

[Event "Bled op-B 21st"]
[Site "?"]
[Date "2000.??.??"]
[Round "?"]
[White "Crepan Marjan"]
[Black "Rezonja Stefan"]
[Result "1-0"]
[WhiteElo "2292"]
[BlackElo "2178"]
[PlyCount "53"]
[EventDate "2000.??.??"]
[Source "www.chesslib.no"]
[SourceDate "2004.05.04"]

1. e4 e5 2. Nf3 Nf6 3. Bc4 Nxe4 4. Nc3 Nxc3 5. dxc3 f6 6. O-O d6 7. Nh4 g6 8. f4 Qe7 9. f5 Qg7 10. Be3 c6 11. Qe2 d5 12. Bb3 g5 13. c4 gxh4 14. cxd5 c5 15. d6 Bxd6 16. Rad1 h3 17. Rxd6 Qxg2+ 18. Qxg2 hxg2 19. Rf2 Bd7 20. Rxf6 Na6 21. Bf7+ Ke7 22. Bg5 h6 23. Bh4 Bc6 24. Bc4 Kd7 25. Rf7+ Kc8 26. Be6+ Kb8 27. Bf6 1-0

[Event "Santiago CHI"]
[Site "?"]
[Date "1998.??.??"]
[Round "5"]
[White "Estay Oscar2"]
[Black "Araya Gonzalo"]
[Result "0-1"]
[WhiteElo "2275"]
[BlackElo "2190"]
[PlyCount "50"]
[EventDate "1998.??.??"]
[Source "www.chesslib.no"]
[SourceDate "2004.05.04"]

1. e4 e5 2. Nf3 Nf6 3. Bc4 Nxe4 4. Nc3 Nxc3 5. dxc3 f6 6. Nh4 g6 7. f4 c6 8. f5 d5 9. Bb3 g5 10. Qh5+ Kd7 11. Nf3 Qe8 12. Qh3 h5 13. Qg3 Bd6 14. Qf2 Kc7 15. Be3 Nd7 16. O-O-O b6 17. Rhe1 Qf8 18. c4 d4 19. Bxd4 exd4 20. Nxd4 Ne5 21. Qe2 Bc5 22. Qe4 Rh7 23. Ba4 Bxd4 24. Rxd4 Rd7 25. Red1 Qc5 0-1

[Event "Cansys IM-B"]
[Site "Budapest HUN"]
[Date "1991.??.??"]
[Round "7"]
[White "Guglielmi, Riccardo"]
[Black "Milonjic, Mihajlo"]
[Result "1-0"]
[WhiteElo "2260"]
[BlackElo "2205"]
[PlyCount "83"]
[EventDate "1991.??.??"]
[Source "www.chesslib.no"]
[SourceDate "2004.05.04"]

1. e4 e5 2. Nf3 Nf6 3. Bc4 Nxe4 4. d3 Nf6 5. Nxe5 d5 6. Bb3 Be7 7. O-O O-O 8. d4 c6 9. c3 Bf5 10. Nd2 Nbd7 11. Ndf3 h6 12. Re1 Re8 13. Bf4 Bf8 14. Nh4 Be4 15. Nhf3 Bh7 16. h3 Nxe5 17. dxe5 Nd7 18. Nd4 Nc5 19. Qg4 Qc8 20. Qg3 Nd3 21. Re2 Nxf4 22. Qxf4 Qc7 23. Qg3 a5 24. Rae1 a4 25. Bd1 c5 26. Nc2 Qc6 27. Rd2 Qb6 28. Ne3 Rad8 29. Bf3 d4 30. Nd5 Qa5 31. Red1 dxc3 32. bxc3 Kh8 33. Qf4 Bg8 34. Be4 b5 35. g4 Re6 36. a3 c4 37. g5 hxg5 38. Qxg5 Rh6 39. Kh2 Re8 40. Rg1 Qd8 41. Nf6 Qe7 42. Qxh6+ 1-0